| 000 | 00899nam a22002057a 4500 | ||
|---|---|---|---|
| 005 | 20150124123944.0 | ||
| 008 | 121024t mx||||| |||| 00| 0 spa d | ||
| 020 | _a9786070903038 | ||
| 050 | 0 | 4 |
_aKGF3003 _bR65 2009 |
| 100 | 1 | _aRojas Caballero, Ariel Alberto | |
| 245 | 1 | 0 |
_aLas garantías individuales en México _b: su interpretación por el poder judicial de la federación _c/ Ariel Alberto Rojas Caballero ; Prólogo Genaro David Góngora Pimentel |
| 250 | _a4a ed. | ||
| 260 |
_aMéxico: _bPorrúa, _cc2009 |
||
| 300 |
_a626 p. : _bil. ; _c24 cm. _e+ Un triptico |
||
| 500 | _aContiene un tripitco de 63 p. que trata de los derechos humanos y sus garantias en la constitución mexicana | ||
| 500 | _aUnicamente la copia 1 contiene el triptico. | ||
| 650 | 7 |
_2LEMB. _aGarantias constitucionales _xJurisprudencia _zMéxico |
|
| 700 | 1 |
_aGongora Pimentel, Genaro David, _eprol. |
|
| 942 |
_2ddc _cLIB |
||
| 999 |
_c34131 _d34131 |
||